LIBRARY & INFORMATION CENTRE, KCAET, TAVANUR

ONLINE PUBLIC ACCESS CATALOGUE (OPAC)

Feasibility of scs - curve number method of runoff estimation for small sloping watersheds of western ghats (Record no. 15250)

MARC details
000 -LEADER
fixed length control field 00857nam a22002057a 4500
003 - CONTROL NUMBER IDENTIFIER
control field OSt
088 ## - REPORT NUMBER
Report number P 75
100 ## - MAIN ENTRY--AUTHOR NAME
Personal name MINIL KUMAR K. X
245 ## - TITLE STATEMENT
Title Feasibility of scs - curve number method of runoff estimation for small sloping watersheds of western ghats
260 ## - PUBLICATION, DISTRIBUTION, ETC. (IMPRINT)
Place of publication Tavanur 1998
Name of publisher DEPARTMENT OF IRRIGATION AND DRAINAGE ENGINEERING
300 ## - PHYSICAL DESCRIPTION
Number of Pages 62
500 ## - GENERAL NOTE
General note Feasibility of scs - curve number method of runoff estimation for small sloping watersheds of western ghats
520 ## - SUMMARY, ETC.
Summary, etc Feasibility of scs - curve number method of runoff estimation for small sloping watersheds of western ghats
700 ## - ADDED ENTRY--PERSONAL NAME
Personal name Narayan Nair
700 ## - ADDED ENTRY--PERSONAL NAME
Personal name Rajesh Kutty
700 ## - ADDED ENTRY--PERSONAL NAME
Personal name Er. Abdul Hakkim V. M (Guide)
856 ## - ELECTRONIC LOCATION AND ACCESS
Uniform Resource Identifier https://drive.google.com/open?id=1sc_ZbbJgsyLnG4iZ_Oxg3Re4_sgZdiH_
942 ## - ADDED ENTRY ELEMENTS (KOHA)
Koha item type Project Report
Holdings
Collection code Home library Current library Shelving location Full call number Accession Number Koha item type
Reference KAUAET KAUAET Reference 631.587 MIN/FE P 75 Project Report
free website counter